|
|
|
|
| LEADER |
00000nam a2200000 a 4500 |
| 001 |
vtls010460716 |
| 003 |
SK-MaSNL |
| 005 |
20260302082851.0 |
| 008 |
240314 xo 000 0 eng |
| 040 |
|
|
|a SNK
|b slo
|c SNK
|e AACR2
|
| 044 |
|
|
|a xo
|c SK
|
| 100 |
1 |
|
|a Hajduch, Ján,
|d 1906-1972
|4 aut
|9 98286
|
| 245 |
1 |
0 |
|a Slovenské hrady
|c Ján Hajduch, Peter Hajduch
|
| 250 |
|
|
|a 3. preprac. a dopl. vydanie
|
| 260 |
|
|
|a Martin
|b Osveta
|c 1976
|
| 300 |
|
|
|a 261 s.
|b fotogr.
|
| 999 |
|
|
|c 1181721
|d 1183651
|
| 952 |
|
|
|a SNK
|b SNK
|y VYP
|7 0
|p 17A1053122
|o snkSB 23645 D1
|i snkKSP 3583/76
|3 Rekatalogizácia
|0 0
|1 0
|4 0
|d 2012-10-16
|l 0
|r 2026-02-24 21:42:02
|w 2026-02-24
|